| 000 | 00539cam a2200193ua 4500 | ||
|---|---|---|---|
| 001 | 2063 | ||
| 008 | 110806n ii |||gr||||Z||||||asm | ||
| 020 | _a81-7339-099-1 | ||
| 040 | _cMAIN | ||
| 082 | _a370.54 | ||
| 100 |
_aSharma, Tarun Kr., _eAuthor. |
||
| 245 | 1 |
_aAdhunik bharatar shikshar itihas aru samashyawali _cby Tarun Kr. Sharma |
|
| 250 | _a1st. | ||
| 260 |
_aDibrugarh: _bBanalata,995. _aGuahati: |
||
| 300 |
_a470p: _c23cm. |
||
| 653 | _aEducation | ||
| 653 | _aAdhunik bharatar shikshar itihas aru samashyawali | ||
| 942 | _cBK | ||
| 999 |
_c1934 _d1934 |
||